Influenza research and treatment.

Bibliographic Details
Format: Journal
Language:English
Published: New York, NY : Hindawi Publishing Corporation, [2010]-
Subjects:
Online Availability: Check for online availability

MARC

Tag First Indicator Second Indicator Subfields
LEADER 00000cas a2200000 i 4500
001 in00002784955
005 20121128151750.0
006 m o d
007 cr |||||||||||
008 111212c20109999nyuuu poo 0 a0eng c
010 |a  2012223219 
035 |a (OCoLC)ocn768110939 
040 |a FQM  |b eng  |e rda  |c FQM  |d UV0  |d AU@  |d OCLCQ  |d CLU  |d NLM  |d TXA 
016 7 |a 101576388  |2 DNLM 
019 |a 780378604 
022 |a 2090-1399  |y 2090-1380  |l 2090-1380  |2 11 
029 1 |a NZ1  |b 14161906 
029 1 |a AU@  |b 000048646600 
029 1 |a NZ1  |b 14217371 
035 |a (OCoLC)768110939  |z (OCoLC)780378604 
042 |a pcc 
050 1 4 |a RC150  |b .I47 Electronic 
060 1 0 |a W1 
049 |a TXAM 
210 0 |a Influenza res treat  |b (Online) 
222 0 |a Influenza research and treatment  |b (Online) 
245 0 0 |a Influenza research and treatment. 
246 1 |a IRT 
264 1 |a New York, NY :  |b Hindawi Publishing Corporation,  |c [2010]- 
336 |a text  |b txt  |2 rdacontent 
337 |a computer  |b c  |2 rdamedia 
338 |a online resource  |b cr  |2 rdacarrier 
362 1 |a Began with Volume 2010 (2010). 
515 |a Articles added as received to current annual volume. 
588 |a Description based on: Volume 2010 (2010); title from PDF caption (publisher's Web site, viewed December 9, 2011). 
588 |a Latest issue consulted: Volume 2012 (2012) (viewed Aug. 24, 2012). 
650 0 |a Influenza  |v Periodicals. 
650 1 2 |a Influenza, Human  |v Periodicals. 
650 2 2 |a Virus Diseases  |v Periodicals. 
650 2 2 |a Viruses  |v Periodicals. 
776 0 8 |i Print version:  |t Influenza research and treatment  |x 2090-1380 
948 |a cataloged  |b h  |c 2012/11/28  |d c  |e spoltoratski  |f 3:17:43 pm  |g sc 
994 |a C0  |b TXA 
999 f f |s cb08cafa-a941-322c-9b7c-d260d1c38462  |i e73df493-bf4c-3e84-a60e-be94f182fc1c  |t 0 
952 f f |a Texas A&M University  |b College Station  |c Electronic Resources  |d Available Online  |t 0  |e RC150 .I47  |g Electronic  |h Library of Congress classification 
998 f f |a RC150 .I47  |t 0  |l Available Online